| Tag |
First Indicator |
Second Indicator |
Subfields |
| LEADER |
00000cam a2200000 4500 |
| 001 |
in00000665657 |
| 005 |
20151015085844.0 |
| 008 |
801006r18711871miucfh a 00010beng d |
| 035 |
|
|
|a (OCoLC)06794449
|
| 035 |
|
|
|9 ACY3636AM
|
| 040 |
|
|
|a EEU
|c TXA
|d UtOrBLW
|
| 049 |
|
|
|a TXAI
|
| 090 |
|
|
|a E415.9.K35
|b T8
|
| 099 |
|
|
|a film
|a B
|a 1512
|a reel
|a 70.3
|
| 100 |
1 |
|
|a Tuckerman, Henry T.
|q (Henry Theodore),
|d 1813-1871.
|
| 245 |
1 |
4 |
|a The life of John Pendleton Kennedy /
|c By Henry T. Tuckerman.
|
| 264 |
|
1 |
|a New York :
|b Putnam,
|c 1871.
|
| 300 |
|
|
|a 490 pages :
|b frontispiece (portrait) plate, facsimiles ;
|c 20 cm.
|
| 336 |
|
|
|a text
|b txt
|2 rdacontent
|
| 337 |
|
|
|a microform
|b h
|2 rdamedia
|
| 338 |
|
|
|a microfilm reel
|b hd
|2 rdacarrier
|
| 500 |
|
|
|a Microfilm. Ann Arbor, Mich., University Microfilms [n.d.] (American Culture Series, Reel 70.3)
|
| 500 |
|
|
|a Microform.
|
| 600 |
1 |
0 |
|a Kennedy, John Pendleton,
|d 1795-1870.
|
| 999 |
|
|
|a MARS
|
| 999 |
f |
f |
|s 12836f21-5dc6-3b87-b99b-22e3477a1628
|i a895652f-70ff-3bac-a6df-73cb95bd94e5
|t 0
|
| 952 |
f |
f |
|p default
|a Texas A&M University
|b College Station
|c Sterling C. Evans Library
|d Evans: Microforms (3rd floor)
|t 0
|e film B 1512 reel 70.3
|h Other scheme
|i microform -- microfilm reel
|
| 998 |
f |
f |
|a film B 1512 reel 70.3
|t 0
|l Evans: Microforms (3rd floor)
|